000
00298nam a2200121Ia 4500
005
20251222141922.0
008
251222s9999||||xx |||||||||||||| ||spa||
082
_a
348.55/B64C
100
_a
Blossiers Hüme, Juan José
245
0
_a
Criminalidad Informática
264
_b
Portocarrero
942
_c
LIB
999
_c
8755
_d
8755